[Event "GoAudit Open 2022"]
[Site "Copenhagen"]
[Date "2022.11.06"]
[Round "6.6"]
[White "Thorsbro, Peter"]
[Black "Falkesgaard, Jeppe Hald"]
[Result "1-0"]
[WhiteElo "2229"]
[BlackElo "1935"]
[PlyCount "53"]
[EventDate "2022.11.04"]
[EventType "swiss"]
[EventRounds "7"]
[EventCountry "DEN"]
[SourceTitle "Live"]

1. d4 Nf6 2. c4 c6 3. g3 d5 4. Bg2 dxc4 5. Nf3 b5 6. O-O Bb7 7. Qc2 e6 8. e4
Be7 9. Nc3 O-O 10. Rd1 Nbd7 11. Bg5 h6 12. e5 hxg5 13. Nxg5 g6 14. exf6 Bxf6
15. Nxe6 fxe6 16. Qxg6+ Bg7 17. Qxe6+ Rf7 18. d5 Nc5 19. Qe3 Nd3 20. dxc6 Bxc6
21. Bxc6 Bd4 22. Qe4 Bxf2+ 23. Kg2 Qg5 24. Rxd3 Raf8 25. Rd6 Rg7 26. Rf1 Qc5
27. Bd5+ 1-0

[Event "GoAudit Open 2022"]
[Site "Copenhagen"]
[Date "2022.11.06"]
[Round "6.7"]
[White "Andries, Alf"]
[Black "Petersen, Peter Birk"]
[Result "1/2-1/2"]
[WhiteElo "1948"]
[BlackElo "2167"]
[PlyCount "51"]
[EventDate "2022.11.04"]
[EventType "swiss"]
[EventRounds "7"]
[EventCountry "DEN"]
[SourceTitle "Live"]

1. e4 c5 2. Nf3 e6 3. d4 cxd4 4. Nxd4 Nc6 5. Nc3 Qc7 6. Qd3 a6 7. Nxc6 bxc6 8.
Qg3 d6 9. Bc4 Nf6 10. O-O h5 11. Bg5 Be7 12. Qh4 Rb8 13. b3 Ng4 14. Bxe7 Qxe7
15. Qxe7+ Kxe7 16. Rfe1 h4 17. h3 Ne5 18. Be2 g5 19. f3 a5 20. Rad1 Bd7 21. Na4
c5 22. Nb2 a4 23. Nc4 Nxc4 24. Bxc4 Rb6 25. Rd2 Kf6 26. e5+ {Kxe5} 1/2-1/2

[Event "GoAudit Open 2022"]
[Site "Copenhagen"]
[Date "2022.11.06"]
[Round "6.8"]
[White "Mollasoltani, Aryan"]
[Black "Eriksson, Christian Altenburg"]
[Result "1-0"]
[WhiteElo "1963"]
[BlackElo "2129"]
[PlyCount "138"]
[EventDate "2022.11.04"]
[EventType "swiss"]
[EventRounds "7"]
[EventCountry "DEN"]
[SourceTitle "Live"]

1. e4 c5 2. Nf3 Nc6 3. d4 cxd4 4. Nxd4 e5 5. Nb5 d6 6. c4 Be6 7. Bd3 Rc8 8. O-O
g6 9. N1c3 a6 10. Na3 Bg7 11. Be3 Nf6 12. Qd2 h6 13. f3 Nd4 14. f4 Ng4 15. f5
Bd7 16. fxg6 fxg6 17. Nd5 Nxe3 18. Qxe3 Rf8 19. Qg3 g5 20. c5 Rxc5 21. Nc4 Be6
22. b4 Rxd5 23. exd5 Bxd5 24. Bg6+ Ke7 25. Qd3 Be6 26. Rae1 Qd7 27. Ne3 Qb5 28.
Qd2 Rxf1+ 29. Rxf1 Ne2+ 30. Kh1 Nf4 31. Bc2 d5 32. a4 Qd7 33. g3 Nh3 34. Nf5+
Kd8 35. b5 Bf8 36. bxa6 bxa6 37. Nd4 Bf7 38. Qa5+ Ke8 39. Bf5 Qb7 40. Bxh3 Bb4
41. Rxf7 Kxf7 42. Be6+ Kf6 43. Qd8+ Qe7 44. Qh8+ Qg7 45. Qxg7+ Kxg7 46. Nc6 Bc3
47. Bxd5 a5 48. Kg2 Kf6 49. g4 Kg6 50. Kf3 h5 51. h3 h4 52. Ke4 Kf6 53. Bc4 Bd2
54. Nxe5 Bc3 55. Nc6 Bd2 56. Kd5 Bc3 57. Bd3 Bd2 58. Bf5 Be1 59. Kc5 Bd2 60.
Kb5 Be1 61. Kc5 Bd2 62. Kd6 Bc3 63. Kc7 Be1 64. Kb7 Bd2 65. Ka6 Be1 66. Ka7 Bd2
67. Kb6 Be1 68. Kb5 Bd2 69. Nxa5 Be1 1-0

[Event "GoAudit Open 2022"]
[Site "Copenhagen"]
[Date "2022.11.06"]
[Round "6.9"]
[White "Saravana, Vedant Kumar"]
[Black "Jaksland, Tim"]
[Result "0-1"]
[WhiteElo "1905"]
[BlackElo "2100"]
[PlyCount "64"]
[EventDate "2022.11.04"]
[EventType "swiss"]
[EventRounds "7"]
[EventCountry "DEN"]
[SourceTitle "Live"]

1. e4 e5 2. Nf3 Nc6 3. Bc4 d6 4. c3 f5 5. d3 f4 6. d4 Qf6 7. Qd3 g5 8. h4 g4 9.
Ng5 Nh6 10. g3 Bd7 11. gxf4 exf4 12. Qd2 f3 13. b4 Bg7 14. Qf4 Qe7 15. Be3
O-O-O 16. Nd2 Kb8 17. Qg3 Rde8 18. O-O-O Nd8 19. e5 dxe5 20. d5 Nf5 21. Qg1
Nxe3 22. fxe3 h5 23. Nde4 Bh6 24. d6 cxd6 25. Rxd6 Bxg5 26. hxg5 Bf5 27. Rxd8+
Rxd8 28. Nc5 Qxg5 29. Be6 Rd6 30. Bxf5 Qxf5 31. Qf2 Rhd8 32. e4 Qf4+ 0-1

[Event "GoAudit Open 2022"]
[Site "Copenhagen"]
[Date "2022.11.06"]
[Round "7.1"]
[White "Ochsner, Bjorn Moller"]
[Black "Thybo, Jesper Sondergaard"]
[Result "1-0"]
[WhiteElo "2501"]
[BlackElo "2518"]
[PlyCount "233"]
[EventDate "2022.11.04"]
[EventType "swiss"]
[EventRounds "7"]
[EventCountry "DEN"]
[SourceTitle "Live"]

1. e4 e5 2. Nf3 Nc6 3. Bb5 Nf6 4. O-O Nxe4 5. Re1 Nd6 6. Nxe5 Be7 7. Bf1 Nxe5
8. Rxe5 O-O 9. Nc3 Ne8 10. Nd5 Bd6 11. Re1 c6 12. Ne3 Be7 13. c4 Nc7 14. d4 d5
15. cxd5 Bb4 16. Bd2 Bxd2 17. Qxd2 Nxd5 18. Nxd5 Qxd5 19. Re5 Qd6 20. Bc4 b5
21. Bb3 a5 22. a4 Bd7 23. h3 Rfe8 24. Qf4 Be6 25. axb5 cxb5 26. Qe4 Qb4 27.
Bxe6 fxe6 28. Re1 a4 29. Rxe6 Rf8 30. Qd5 Kh8 31. R1e2 Rad8 32. Qe5 Rxd4 33.
Re8 Rd1+ 34. Kh2 Rd8 35. Rxd8 Rxd8 36. Qe8+ Qf8 37. Qxb5 Ra8 38. Re4 h6 39.
Rxa4 Rxa4 40. Qxa4 Qb8+ 41. g3 Qxb2 42. Qe8+ Kh7 43. Qe4+ Kh8 44. Kg2 Qc3 45.
h4 Qf6 46. Qf3 Qe7 47. Qf5 Qb7+ 48. Kh2 Qe7 49. Kh3 Qe2 50. g4 Qf1+ 51. Kh2 Qc4
52. Kg3 Qc3+ 53. Qf3 Qe5+ 54. Qf4 Qc3+ 55. Kh2 Kg8 56. Qb8+ Kh7 57. Qb1+ Kg8
58. Qa2+ Kh7 59. Qd5 Qc7+ 60. Kg2 Qc1 61. Qf5+ Kg8 62. Qd5+ Kh7 63. Qf5+ Kg8
64. Qe5 Qc4 65. Kg3 Qd3+ 66. Qe3 Qd6+ 67. f4 Qg6 68. Qd4 Qb1 69. Qd5+ Kh8 70.
Qd4 Qb3+ 71. Kg2 Qb7+ 72. Kf2 Qh1 73. Kg3 Qe1+ 74. Qf2 Qc3+ 75. Qf3 Qe1+ 76.
Kh3 Qe6 77. Kg2 Qa2+ 78. Kg3 Qe6 79. Qc3 Qb6 80. Qe1 Qb3+ 81. Kh2 Qa2+ 82. Kg1
Qc4 83. Qe3 Qc2 84. Qf3 Qd2 85. Qa8+ Kh7 86. Qe4+ Kg8 87. g5 Qd1+ 88. Kf2 Qg4
89. Ke3 hxg5 90. hxg5 Qg1+ 91. Kd2 Qf2+ 92. Kc3 Kf7 93. Qd5+ Kg6 94. Qe6+ Kh5
95. Qh3+ Kg6 96. Qd3+ Kh5 97. Qf5 Qf3+ 98. Kd4 Qd1+ 99. Ke5 Qe2+ 100. Kd6 Kh4
101. Qe5 Qd3+ 102. Ke7 g6 103. Kf7 Kh5 104. Qe6 Kh4 105. Kg7 Qd4+ 106. Qe5 Qd3
107. Qe6 Qd4+ 108. Qf6 Qe4 109. Kh6 Kg4 110. Qe5 Qd3 111. Kh7 Qc2 112. Kg7 Kh5
113. Qe6 Qc7+ 114. Qf7 Qc2 115. Kh7 Qe4 116. f5 Kxg5 117. Qxg6+ 1-0

[Event "GoAudit Open 2022"]
[Site "Copenhagen"]
[Date "2022.11.06"]
[Round "7.2"]
[White "Kistrup, Nicolai"]
[Black "Laursen, Niels Norskov"]
[Result "1-0"]
[WhiteElo "2263"]
[BlackElo "2166"]
[PlyCount "67"]
[EventDate "2022.11.04"]
[EventType "swiss"]
[EventRounds "7"]
[EventCountry "DEN"]
[SourceTitle "Live"]

1. d4 Nf6 2. c4 g6 3. Nc3 Bg7 4. e4 d6 5. Be2 O-O 6. Be3 Na6 7. h4 h5 8. f3 c5
9. d5 Nc7 10. Nh3 e6 11. dxe6 Nxe6 12. Nf4 Qb6 13. Qd2 Nxf4 14. Bxf4 Be6 15.
O-O-O Rfd8 16. g4 Qb4 17. g5 Nd7 18. Nb5 Qa4 19. b3 Qa6 20. Nc7 Qa3+ 21. Kb1
Rac8 22. Nb5 Qa6 23. Qxd6 Rc6 24. Qe7 Rcc8 25. Nc7 Qa3 26. Bc1 Qb4 27. Nxe6
fxe6 28. Rxd7 Rxd7 29. Qxd7 Qc3 30. Qxc8+ Kh7 31. Qxb7 Qa1+ 32. Kc2 Qc3+ 33.
Kd1 Qd4+ 34. Ke1 1-0

[Event "GoAudit Open 2022"]
[Site "Copenhagen"]
[Date "2022.11.06"]
[Round "7.3"]
[White "Haubro, Martin"]
[Black "Jacobsen, Mikkel Manosri"]
[Result "0-1"]
[WhiteElo "2398"]
[BlackElo "2262"]
[PlyCount "48"]
[EventDate "2022.11.04"]
[EventType "swiss"]
[EventRounds "7"]
[EventCountry "DEN"]
[SourceTitle "Live"]

1. e4 c6 2. d4 d5 3. e5 c5 4. dxc5 e6 5. Nf3 Bxc5 6. a3 Nd7 7. Bd3 f6 8. b4 Be7
9. Bb2 a5 10. b5 Nh6 11. Nbd2 Nf7 12. exf6 Bxf6 13. Bxf6 Qxf6 14. c4 Nc5 15.
Bc2 b6 16. O-O a4 17. cxd5 exd5 18. Re1+ Be6 19. Nf1 O-O 20. Ne3 Ng5 21. Nxg5
Qxg5 22. Qe2 d4 23. Nf1 Rae8 24. Rad1 Bd5 0-1

[Event "GoAudit Open 2022"]
[Site "Copenhagen"]
[Date "2022.11.06"]
[Round "7.4"]
[White "Hoi, Carsten"]
[Black "Guindy, Esmat Susanne"]
[Result "1-0"]
[WhiteElo "2344"]
[BlackElo "2069"]
[PlyCount "93"]
[EventDate "2022.11.04"]
[EventType "swiss"]
[EventRounds "7"]
[EventCountry "DEN"]
[SourceTitle "Live"]

1. d4 d5 2. Nf3 Nf6 3. c4 e6 4. Nc3 Be7 5. e3 c6 6. b3 Nbd7 7. Bd3 b6 8. O-O
Bb7 9. Bb2 O-O 10. Qe2 Rc8 11. Rfd1 Qc7 12. Rac1 Qb8 13. Ne5 Rfd8 14. f4 c5 15.
cxd5 exd5 16. Bf5 Qa8 17. dxc5 Bxc5 18. Na4 g6 19. Nxc5 Rxc5 20. Ng4 Rxc1 21.
Rxc1 Ne8 22. Bxd7 Rxd7 23. Qd2 Qd8 24. Qd4 f6 25. Nxf6+ Nxf6 26. Qxf6 Qxf6 27.
Bxf6 b5 28. Bd4 a6 29. g4 Rf7 30. Kf2 Kf8 31. Kg3 Ke8 32. b4 Kd7 33. h4 Ke6 34.
a3 Rd7 35. h5 Kf7 36. hxg6+ Kxg6 37. f5+ Kf7 38. Kf4 Re7 39. Be5 Rd7 40. g5 Kg8
41. g6 Kf8 42. Kg5 Kg8 43. Rc2 Kf8 44. Kf6 Rg7 45. Rh2 hxg6 46. Rh8+ Rg8 47.
Bd6+ 1-0

[Event "GoAudit Open 2022"]
[Site "Copenhagen"]
[Date "2022.11.06"]
[Round "7.5"]
[White "Jaksland, Tim"]
[Black "Thorsbro, Peter"]
[Result "1/2-1/2"]
[WhiteElo "2100"]
[BlackElo "2229"]
[PlyCount "92"]
[EventDate "2022.11.04"]
[EventType "swiss"]
[EventRounds "7"]
[EventCountry "DEN"]
[SourceTitle "Live"]

1. d4 d5 2. Nf3 Nf6 3. Bf4 e6 4. e3 Bd6 5. Nbd2 Bxf4 6. exf4 O-O 7. c3 b6 8. h4
c5 9. h5 Qd6 10. h6 g6 11. g3 cxd4 12. Nxd4 Ba6 13. Bxa6 Nxa6 14. Qe2 Nc5 15.
Kf1 Nce4 16. Nxe4 Nxe4 17. Kg2 e5 18. fxe5 Qxe5 19. Rad1 Rfe8 20. Qb5 Nf6 21.
Rhe1 Qg5 22. Rxe8+ Rxe8 23. Qc6 Qe5 24. Rd2 Qe4+ 25. f3 Qe1 26. Rf2 Qe7 27. Re2
Qd8 28. Rxe8+ Nxe8 29. Qb7 Qg5 30. f4 Qxh6 31. Qxa7 Qf8 32. Qxb6 Qe7 33. Qb8
Qe4+ 34. Kf2 Kf8 35. a4 Qh1 36. Nf3 Qd1 37. Qb4+ Kg8 38. Qd4 Qc2+ 39. Qd2 Qb3
40. a5 Nd6 41. Kg2 Nc4 42. Qe2 Nxa5 43. Qe8+ Kg7 44. Qe5+ Kg8 45. Qe8+ Kg7 46.
Qe5+ Kg8 1/2-1/2

[Event "GoAudit Open 2022"]
[Site "Copenhagen"]
[Date "2022.11.06"]
[Round "7.6"]
[White "Marthedal, Anton Mehmet Yildiz"]
[Black "Pedersen, Daniel Vesterbaek"]
[Result "1-0"]
[WhiteElo "2011"]
[BlackElo "2223"]
[PlyCount "99"]
[EventDate "2022.11.04"]
[EventType "swiss"]
[EventRounds "7"]
[EventCountry "DEN"]
[SourceTitle "Live"]

1. d4 Nf6 2. c4 e6 3. g3 Bb4+ 4. Nd2 c5 5. a3 Bxd2+ 6. Qxd2 cxd4 7. Nf3 Nc6 8.
Nxd4 d5 9. Bg2 O-O 10. O-O e5 11. Nxc6 bxc6 12. Rd1 Be6 13. Qc3 d4 14. Qc2 Qc7
15. Bg5 Ne8 16. b4 Rc8 17. c5 h6 18. Bc1 Nf6 19. e3 dxe3 20. fxe3 Nd5 21. e4
Nf6 22. Rf1 Qe7 23. Bb2 Bg4 24. h3 Bd7 25. Rad1 Rfe8 26. Rd6 Rc7 27. Qd2 Bc8
28. Rd1 Nd7 29. g4 Nf8 30. Bf1 Ng6 31. Rd8 Be6 32. Rxe8+ Qxe8 33. Qd8 Rc8 34.
Qd6 f6 35. Bc1 Kf7 36. Ba6 Rb8 37. Be3 Ne7 38. Kg2 Qh8 39. Qc7 Ra8 40. Rd6 Qb8
41. Rxc6 Qxc7 42. Rxc7 Ke8 43. Bb7 Rb8 44. Ba6 Ra8 45. b5 Kd8 46. Rb7 Bc8 47.
c6 Bxb7 48. Bxb7 Rb8 49. Bxa7 Kc7 50. b6+ 1-0

[Event "GoAudit Open 2022"]
[Site "Copenhagen"]
[Date "2022.11.06"]
[Round "7.7"]
[White "Brorsen, Jacob Abildlund"]
[Black "Mollasoltani, Aryan"]
[Result "1-0"]
[WhiteElo "2201"]
[BlackElo "1963"]
[PlyCount "97"]
[EventDate "2022.11.04"]
[EventType "swiss"]
[EventRounds "7"]
[EventCountry "DEN"]
[SourceTitle "Live"]

1. d4 d5 2. Bf4 Nf6 3. Nf3 c5 4. e3 Nc6 5. c3 Qb6 6. Qc1 Bf5 7. Nbd2 h6 8. Be2
e6 9. O-O Be7 10. dxc5 Qxc5 11. b4 Qb6 12. a3 O-O 13. c4 Rac8 14. c5 Qd8 15.
Nd4 Bg6 16. N2b3 a6 17. Nxc6 Rxc6 18. Na5 Rxc5 19. bxc5 Qxa5 20. Bd6 Bxd6 21.
cxd6 Ne8 22. d7 Nd6 23. Qb2 Qd8 24. Rac1 Qxd7 25. Qb6 Rc8 26. Rxc8+ Nxc8 27.
Qb2 b5 28. Rc1 Nd6 29. Qd4 Nc4 30. Bxc4 bxc4 31. Rxc4 Qb5 32. Rc1 Kh7 33. h3
Bf5 34. Qc3 Bg6 35. Kh2 Qe2 36. Kg1 Bf5 37. a4 Qd3 38. Qc7 Bg6 39. Qf4 Qd2 40.
Rc6 Qe2 41. Rc8 Bf5 42. Kh2 Qd1 43. Rf8 Kg6 44. Rg8 Kh7 45. Ra8 Qe2 46. h4 Qh5
47. Rxa6 g5 48. Qd4 gxh4 49. Ra8 1-0

[Event "GoAudit Open 2022"]
[Site "Copenhagen"]
[Date "2022.11.06"]
[Round "7.8"]
[White "Moe, Mogens"]
[Black "Wehding, Laurits Bonsvig"]
[Result "1-0"]
[WhiteElo "2167"]
[BlackElo "1896"]
[PlyCount "101"]
[EventDate "2022.11.04"]
[EventType "swiss"]
[EventRounds "7"]
[EventCountry "DEN"]
[SourceTitle "Live"]

1. e4 e6 2. d4 d5 3. Nd2 dxe4 4. Nxe4 Nd7 5. Nf3 Ngf6 6. Bd3 b6 7. O-O Bb7 8.
Re1 Nxe4 9. Bxe4 Bxe4 10. Rxe4 Nf6 11. Rh4 Be7 12. c4 c5 13. Qa4+ Qd7 14. Qc2
h5 15. Bg5 Ng4 16. h3 Bxg5 17. Nxg5 Qe7 18. f4 Ne3 19. Qe4 Rd8 20. Qxe3 Rxd4
21. Qe2 Qf6 22. g3 g6 23. Nf3 Rd6 24. Qe5 Ke7 25. Kf2 Rhd8 26. Ke2 a6 27. Qxf6+
Kxf6 28. g4 hxg4 29. hxg4 b5 30. Rc1 b4 31. Rh7 R8d7 32. Rc2 b3 33. axb3 Rb7
34. Rc3 Rdb6 35. Ne5 g5 36. Rh6+ Kg7 37. fxg5 Rxb3 38. Rxb3 Rxb3 39. Rf6 Rxb2+
40. Ke3 Rb7 41. Rf1 Ra7 42. Ra1 a5 43. Nc6 Ra6 44. Nxa5 Kg6 45. Kf4 Rd6 46. Re1
Rd2 47. Re5 Rd4+ 48. Kg3 Rd3+ 49. Kh4 Rd1 50. Rxc5 Re1 51. Nc6 1-0

[Event "GoAudit Open 2022"]
[Site "Copenhagen"]
[Date "2022.11.06"]
[Round "7.9"]
[White "Moller, Arne Vagn"]
[Black "Andries, Alf"]
[Result "1/2-1/2"]
[WhiteElo "1798"]
[BlackElo "1948"]
[PlyCount "75"]
[EventDate "2022.11.04"]
[EventType "swiss"]
[EventRounds "7"]
[EventCountry "DEN"]
[SourceTitle "Live"]

1. e4 c5 2. Nf3 Nc6 3. d4 cxd4 4. Nxd4 Nf6 5. Nc3 d6 6. Be2 e5 7. Nb3 Be7 8.
O-O O-O 9. Be3 a5 10. a4 Nb4 11. f3 Be6 12. Nb5 d5 13. c3 Nc6 14. exd5 Nxd5 15.
Bf2 b6 16. Nd2 Rb8 17. Re1 Qc8 18. Bf1 Rd8 19. g3 f6 20. Qe2 Bf7 21. Rad1 Rb7
22. Nc4 Qb8 23. Ne3 Rbd7 24. Nxd5 Bxd5 25. Bh3 Qb7 26. c4 Bf7 27. Bxd7 Rxd7 28.
Rxd7 Qxd7 29. Bxb6 Qb7 30. Bf2 Nb4 31. Rd1 Qc6 32. b3 Bg6 33. Nc3 Bc2 34. Nd5
Bxd1 35. Nxe7+ Kf7 36. Nxc6 Bxe2 37. Nxa5 Bxf3 38. c5 1/2-1/2